Jannat kī kunjī. (Record no. 59707)

MARC details
000 -LEADER
fixed length control field 00561cam a22002291 4500
001 - CONTROL NUMBER
control field sa 64006452
003 - CONTROL NUMBER IDENTIFIER
control field DLC
005 - DATE AND TIME OF LATEST TRANSACTION
control field 20260227112039.0
008 - FIXED-LENGTH DATA ELEMENTS--GENERAL INFORMATION
fixed length control field 890705s1962 ii 000 0 urdr
010 ## - LIBRARY OF CONGRESS CONTROL NUMBER
LC control number sa 64006452
035 ## - SYSTEM CONTROL NUMBER
System control number (OCoLC)19963641
040 ## - CATALOGING SOURCE
Original cataloging agency DLC
Transcribing agency WaU
Modifying agency DLC
042 ## - AUTHENTICATION CODE
Authentication code premarc
050 00 - LIBRARY OF CONGRESS CALL NUMBER
Classification number BP188
Item number .A35 1962
100 0# - MAIN ENTRY--PERSONAL NAME
Personal name Ahmad Said,
Dates associated with a name 1887-1959.
245 10 - TITLE STATEMENT
Title Jannat kī kunjī.
260 ## - PUBLICATION, DISTRIBUTION, ETC.
Date of publication, distribution, etc. [1962]
300 ## - PHYSICAL DESCRIPTION
Extent 400 p.
Dimensions 19 cm.
500 ## - GENERAL NOTE
General note In Urdu.
500 ## - GENERAL NOTE
General note Text partially vocalized.
650 #0 - SUBJECT ADDED ENTRY--TOPICAL TERM
Topical term or geographic name entry element Religious life
General subdivision Islam.

No items available.

Powered by Koha